000 00669nam a2200205 a 4500
005 20210223124907.0
008 030401m19931999mx r 000 0 spa d
020 _a9684368313
035 _aUPN01000123537
049 _aCG
050 4 _aLC92 M6
_bZ4.3
100 1 _aZepeda Rincón, Tomás
245 1 3 _aLa educación pública en la Nueva España en el siglo XVI /
_cTomas Zepeda Rincón.
260 _aMéxico :
_bProgreso,
_c1993 (1999 impr.).
300 _a174 p. :
_bil.
650 4 _aEDUCACION -
_zMEXICO -
_xHISTORIA -
_ySIGLO XVI
_912875
650 4 _aESCUELAS PUBLICAS -
_zMEXICO -
_xHISTORIA
_922047
650 4 _aIGLESIA Y EDUCACION EN MEXICO
905 _aLibro
999 _c95717
_d95717